Discurso leído por el socio Vicente Calabuig y Carra en la sesión inaugural del curso de 1886 a 1887 del Ateneo Científico, Literario y Artístico de Valencia. (Record no. 38058)

MARC details
000 -LEADER
campo de control de longitud fija 00789nam a2200193 i 4500
001 - NÚMERO DE CONTROL
campo de control 38058
003 - IDENTIFICADOR DE NÚMERO DE CONTROL
campo de control ES-MaACL
005 - FECHA Y HORA DE LA ÚLTIMA TRANSACCIÓN
campo de control 20230906155704.0
007 - CAMPO FIJO DE DESCRIPCIÓN FÍSICA--INFORMACIÓN GENERAL
campo de control de longitud fija t|
008 - DATOS DE LONGITUD FIJA--INFORMACIÓN GENERAL
campo de control de longitud fija 030224s1886 sp ||||1| spa d
100 1# - ENTRADA PRINCIPAL--NOMBRE DE PERSONA
Nombre de persona Calabuig y Carra, Vicente.
9 (RLIN) 33509
245 10 - MENCIÓN DEL TÍTULO
Título Discurso leído por el socio Vicente Calabuig y Carra en la sesión inaugural del curso de 1886 a 1887 del Ateneo Científico, Literario y Artístico de Valencia.
260 ## - PUBLICACIÓN, DISTRIBUCIÓN, ETC.
Lugar de publicación, distribución, etc. Valencia :
Nombre del editor, distribuidor, etc. Imprenta y Librería de Ramón Ortega,
Fecha de publicación, distribución, etc. 1886.
300 ## - DESCRIPCIÓN FÍSICA
Extensión 28 p. ;
Dimensiones 25 cm.
500 ## - NOTA GENERAL
Nota general Tít. en portadilla ant. al texto: "Concepto y fines de la sociedad científica"
710 2# - ENTRADA AGREGADA--NOMBRE DE ENTIDAD CORPORATIVA
Nombre de entidad corporativa o nombre de jurisdicción como elemento de entrada Ateneo Científico-Literario de Valencia.
9 (RLIN) 170945
740 0# - ENTRADA AGREGADA--TÍTULO RELACIONADO/ANALÍTICO NO CONTROLADO
Título relacionado o analítico no controlado Concepto y fines de la sociedad científica.
852 ## - LOCALIZACIÓN
Ubicación ES-MaACL
Número de control de estantería T-451-F-3
Holdings
Estatus retirado Estado de pérdida Estado de daño No para préstamo Colección Biblioteca de origen Biblioteca actual Ubicación en estantería Fecha de adquisición Fuente de adquisición Total de préstamos Signatura topográfica completa Código de barras Visto por última vez Precio de reemplazo Tipo de ítem Koha
        Colección de folletos Biblioteca del Ateneo de Madrid Biblioteca del Ateneo de Madrid Depósito folletos 17/01/2008     T-451-F-3 1040069 23/02/2023 23/02/2023 Folleto